|
|
|
|
| LEADER |
00000nab a2200000 4500 |
| 001 |
vtls012052737 |
| 003 |
SK-MaSNL |
| 005 |
20260426105453.0 |
| 008 |
210505|2020 xo er|n || ||00 c0ukr |
| 015 |
|
|
|a SNBRB2021/05
|
| 038 |
|
|
|a SVKPOCL
|
| 040 |
|
|
|a SVKPOCL
|b slo
|c SVKPOCL
|e rda
|
| 041 |
0 |
|
|a ukr
|
| 043 |
|
|
|a e-xo---
|
| 044 |
|
|
|a xo
|c SK
|
| 072 |
|
7 |
|a 39
|x Etnológia. Etnografia. Folklór
|2 konspekt
|
| 072 |
|
7 |
|a 392
|x Zvyky, mravy, obyčaje v súkromnom živote
|2 konspekt
|
| 080 |
|
|
|a 392.3(=161.25)(437.6)
|2 2011
|
| 080 |
|
|
|a (=161.25)
|2 2011
|
| 080 |
|
|
|a (=161.2)
|2 2011
|
| 080 |
|
|
|a (437.671)
|2 2011
|
| 080 |
|
|
|a 347.63
|2 2011
|
| 080 |
|
|
|a 398:316.356.2-058.833-055.1
|2 2011
|
| 080 |
|
|
|a 316.356.2
|2 2011
|
| 100 |
1 |
|
|a Varcholová, Nadežda,
|d 1950-
|4 aut
|9 246093
|
| 245 |
1 |
0 |
|a Zvyčaji našoho sela
|b darunky ta obdaruvannja v simejnij obrjadovosti Prjašivščyny
|c Nadija Varchol, Josyf Varchol.
|
| 300 |
|
|
|b Fotografie
|
| 336 |
|
|
|a text
|b txt
|2 rdacontent
|
| 337 |
|
|
|a bez média
|b n
|2 rdamedia
|
| 338 |
|
|
|a zväzok
|b nc
|2 rdacarrier
|
| 500 |
|
|
|a V rubrike Informaciji / Humor
|
| 500 |
|
|
|a Pokračovanie, začiatok v čísle 16/2020
|
| 650 |
0 |
7 |
|a zvyky a obyčaje
|2 SNKPH
|9 4086
|
| 650 |
0 |
7 |
|a Rusíni
|2 SNKPH
|9 4087
|
| 650 |
0 |
7 |
|a tradície
|2 SNKPH
|9 15975
|
| 650 |
0 |
7 |
|a ľudové zvyky
|2 SNKPH
|9 66558
|
| 650 |
0 |
7 |
|a ľudové tradície
|2 SNKPH
|9 4960
|
| 650 |
0 |
7 |
|a Ukrajinci
|2 SNKPH
|9 19025
|
| 650 |
0 |
7 |
|a manželia
|2 SNKPH
|9 22182
|
| 650 |
0 |
7 |
|a rodina
|2 SNKPH
|9 4138
|
| 651 |
|
7 |
|a Slovensko
|2 SNKPHgeo
|9 14231
|
| 651 |
|
7 |
|a Slovensko východné
|2 SNKPHgeo
|9 161134
|
| 651 |
|
7 |
|a Kurov (Slovensko)
|2 SNKPHgeo
|9 34652
|
| 651 |
|
7 |
|a Vavrinec (Slovensko)
|2 SNKPHgeo
|9 60302
|
| 651 |
|
7 |
|a Ruské Pekľany (Ľubovec, Slovensko)
|2 SNKPHgeo
|9 52000
|
| 651 |
|
7 |
|a Jakubany (Slovensko)
|2 SNKPHgeo
|9 51334
|
| 651 |
|
7 |
|a Svidník (Slovensko)
|2 SNKPHgeo
|9 28309
|
| 651 |
|
7 |
|a Vyšná Jedľová (Slovensko)
|2 SNKPHgeo
|9 36186
|
| 651 |
|
7 |
|a Becherov (Slovensko)
|2 SNKPHgeo
|9 34653
|
| 700 |
1 |
|
|a Varchol, Jozef,
|d 1950-
|4 aut
|9 28385
|
| 773 |
0 |
|
|t Nove žyttja
|g Roč. 70, č. 17 (2020), s. 6
|
| 852 |
|
|
|a SVKPO
|b KIS3GCP
|
| 958 |
|
|
|a SS
|
| 958 |
|
|
|a RN
|
| 958 |
|
|
|a SK
|
| 958 |
|
|
|a NT
|
| 958 |
|
|
|a UK
|
| 999 |
|
|
|c 3352181
|d 3354111
|